书目信息 |
| 题名: |
处理“法轮功”问题文件文章汇编
|
|
| 作者: | ||
| 分册: | 二 | |
| 出版信息: | 2001 |
|
| 页数: | 409页 | |
| 开本: | 20cm | |
| 丛书名: | ||
| 单 册: | ||
| 中图分类: | D654 | |
| 科图分类: | ||
| 主题词: | 政治--中国 | |
| 电子资源: | ||
| ISBN: | ||
| 000 | 00451nam0 2200169 450 | |
| 001 | 0740603625 | |
| 005 | 20070804173237.17 | |
| 010 | @d[不详] | |
| 100 | @a20070804d2001 km y0chiy0120 ea | |
| 101 | 0 | @achi |
| 200 | 1 | @a处理“法轮功”问题文件文章汇编@Achu li“fa lun gong”wen ti wen jian wen zhang hui bian@h二 |
| 210 | @d2001 | |
| 215 | @a409页@d20cm | |
| 606 | 0 | @a政治@x中国 |
| 690 | @aD654@v3 | |
| 801 | 0 | @aCN@bPFT@c20070804 |
| 905 | @a10447@dD654@e34:2 | |
| 处理“法轮功”问题文件文章汇编.二.-2001 |
| 409页;20cm |
| ISBN :[不详] |
| ● |
| 相关链接 |
|
|
|
|
正题名:处理"法轮功"问题文件文章汇编
索取号:D654/34:2
 
预约/预借
| 序号 | 登录号 | 条形码 | 馆藏地/架位号 | 状态 | 备注 |
| 1 | 0791295 | 207912954 | 第一样本阅览室/ [索取号:D654/34:2] | 在馆 |